Понтий Пилат (Запись № 12217609)

Подробности
000 -МАРКЕР
контрольное поле 01435nam0a2200349 i 4500
001 - ИДЕНТИФИКАТОР ЗАПИСИ
контрольное поле RU\NLR\BIBL_A\011545551
005 - ИДЕНТИФИКАТОР ВЕРСИИ
контрольное поле 20260409080830.0
010 ## - МЕЖДУНАРОДНЫЙ СТАНДАРТНЫЙ НОМЕР КНИГИ (ISBN)
Номер (ISBN) 9785917892283
Тираж 100
021 ## - НОМЕР ГОСУДАРСТВЕННОЙ РЕГИСТРАЦИИ
Код страны Российская Федерация
Номер 2017-84694
Номер Листа государственной регистраци 6042
035 ## - ДРУГИЕ СИСТЕМНЫЕ НОМЕРА
Идентификатор записи (RuMoRGB)009446345
035 ## - ДРУГИЕ СИСТЕМНЫЕ НОМЕРА
Идентификатор записи (NLR Aleph) 011545551
100 ## - ДАННЫЕ ОБЩЕЙ ОБРАБОТКИ
Данные общей обработки 20171204d2017 um y0rusy50 ca
101 0# - ЯЗЫК РЕСУРСА
Язык текста, звукозаписи и т.д. русский
102 ## - СТРАНА ПУБЛИКАЦИИ ИЛИ ПРОИЗВОДСТВА
Страна публикации Российская Федерация
105 ## - ПОЛЕ КОДИРОВАННЫХ ДАННЫХ: ТЕКСТОВЫЕ МАТЕРИАЛЫ, МОНОГРАФИЧЕСКИЕ
Кодированные данные о монографическом текстовом документе a|||z|||000gy
200 1# - ЗАГЛАВИЕ И СВЕДЕНИЯ ОБ ОТВЕТСТВЕННОСТИ
Основное заглавие Понтий Пилат
Сведения, относящиеся к заглавию поэма
-- по роману Михаила Булгакова Мастер и Маргарита
Первые сведения об ответственности А. Лубяко
210 ## - ПУБЛИКАЦИЯ, РАСПРОСТРАНЕНИЕ И ДР.
Место издания, распространения и т.д. Сочи
Имя издателя, распространителя и т. д. Кривлякин С.П.
Дата издания, распространения и т.д. 2017
215 ## - ФИЗИЧЕСКАЯ ХАРАКТЕРИСТИКА
Специфическое обозначение материала и объем 120, [1] с.
Другие сведения о физической характеристике ил.
Размеры 21
300 ## - ОБЩИЕ ПРИМЕЧАНИЯ
Текст примечания На 4-й с. обл. авт.: Лубяко А.А., д.б.н., проф.
300 ## - ОБЩИЕ ПРИМЕЧАНИЯ
Текст примечания На обл. авт. не указан
500 ## - УНИФИЦИРОВАННОЕ ЗАГЛАВИЕ
Унифицированное заглавие Мастер и Маргарита
Идентификатор авторитетной / нормативной записи RU\NLR\AUTH\559755
Системный номер авторитетной/нормативной записи 2631756
600 #0 - ИМЯ ЛИЦА КАК ПРЕДМЕТ
Начальный элемент ввода Понтий Пилат
Даты 1 в.
Тематический подзаголовок в художественной литературе
Системный номер авторитетной/нормативной записи 2268026
Идентификатор авторитетной/нормативной записи RU\NLR\AUTH\661359505
686 ## - ИНДЕКСЫ ДРУГИХ КЛАССИФИКАЦИЙ
Индекс Ш5(2=Р)64-651
Код системы
686 2# - ИНДЕКСЫ ДРУГИХ КЛАССИФИКАЦИЙ
Индекс Ш6(2=Р)8-5
700 #1 - ИМЯ ЛИЦА - ПЕРВИЧНАЯ ОТВЕТСТВЕННОСТЬ
Начальный элемент ввода Лубяко
Часть имени, кроме начального элемента ввода А. А.
Даты 1951-
Расширение инициалов личного имени Александр Анатольевич
702 #1 - ИМЯ ЛИЦА - ВТОРИЧНАЯ ОТВЕТСТВЕННОСТЬ
Код отношения Прочие
Материалы, к которым относится поле rus
Графика поля Кириллица
Начальный элемент ввода Булгаков
Часть имени, кроме начального элемента ввода М. А.
Даты 1891-1940
Расширение инициалов личного имени Михаил Афанасьевич
Идентификатор авторитетной/нормативной записи RU\NLR\AUTH\773529
Системный номер авторитетной/нормативной записи 113525
942 ## - ДОПОЛНИТЕЛЬНЫЕ ЭЛЕМЕНТЫ ЗАПИСИ (АБИС)
Тип экземпляра АБИС Книга
980 ## - КОЛЛЕКЦИЯ
Название коллекции НБР

Нет доступных экземпляров.